Norbuling Rigter College        
"Academic affiliation with the Royal University of Bhutan"     


Online Public Access Catalogue (OPAC)

Bhutan cultural atlas : (Record no. 1569)

MARC details
000 -LEADER
fixed length control field 00434nam a22001577a 4500
003 - CONTROL NUMBER IDENTIFIER
control field OSt
005 - DATE AND TIME OF LATEST TRANSACTION
control field 20190114113144.0
008 - FIXED-LENGTH DATA ELEMENTS--GENERAL INFORMATION
fixed length control field 190114b ||||| |||| 00| 0 eng d
020 ## - INTERNATIONAL STANDARD BOOK NUMBER
International Standard Book Number 9789993677178
040 ## - CATALOGING SOURCE
Transcribing agency NRC
245 ## - TITLE STATEMENT
Title Bhutan cultural atlas :
Remainder of title bumthang district, trongsa district.
260 ## - PUBLICATION, DISTRIBUTION, ETC.
Name of publisher, distributor, etc. The Institute of Language and Cultural Studies,
Date of publication, distribution, etc. 2016.
300 ## - PHYSICAL DESCRIPTION
Extent 56 p.
Other physical details ill.
Dimensions 27 cm.
650 ## - SUBJECT ADDED ENTRY--TOPICAL TERM
Source of heading or term Trongsa
942 ## - ADDED ENTRY ELEMENTS (KOHA)
Source of classification or shelving scheme Dewey Decimal Classification
Koha item type Government Documents and Reports

No items available.

Maintained by Librarians, Norbuling Rigter College
Copyright © 
2026 , Norbuling Rigter College | email: library@nrc.bt

Powered by Koha